000 00928nam a2200241 a 4500
999 _c3283
_d3283
001 3283
003 BD-JhCC
005 20171112172220.0
008 171112s1985 bg |||| ||a| 000 0 ben d
035 _a(BD-JhCC)3283
040 _aBD-JhCC
_dBD-JhCC
041 _aben
082 _a641.1
_bKHA 1985
100 _aখান, মোহাম্মদ ফেরদাউস
245 _aশিশু /
_cমোহাম্মদ ফেরদাউস খান; খাতেমন আরা বেগম
260 _aঢাকা :
_bবাংলা একাডেমী,
_c1985.
300 _a103 p. :
_c18 cm.
490 _aSeries in honour of the martyrs of the Language Movement of February 1952.
650 _aThe Child
700 _aবেগম,খাতেমন আরা
_qখাতেমন আরা বেগম; মোহাম্মদ ফেরদাউস খান
942 _2ddc
_cBK